000 00771nam a22002177a 4500
999 _c16997
_d16997
003 AR-CdUCM
008 190305b ||||| |||| 00| 0 spa d
040 _aMUNICIPALIDAD PROVINCIAL DEL CUSCO
_cBIBLIOTECA MUNICIPAL DEL CUSCO
082 _a370.4 /
_bB26
100 _aBarrantes, Emilio
_93583
245 _aComunidad educación y reforma /
260 _aLima :
_bRetablo de papel ;
_c1971.
300 _a139 páginas ;
_c20 cm.
440 _aSerie Pedagógica ;
_936797
505 _aContiene: Comunidad y educación -- La realidad nacional y la educación -- Educación y reforma -- El educador y la educación...
650 _aEducación
_9460
650 _aReforma educativa
_94128
650 _aRealidad nacional
_92737
942 _2ddc
_cLIBROS
945 _arcc